Kumbara jananga. (Record no. 105899)

MARC details
000 -LEADER
fixed length control field 00589nam a2200205Ia 4500
003 - CONTROL NUMBER IDENTIFIER
control field OSt
005 - DATE AND TIME OF LATEST TRANSACTION
control field 20260610095822.0
008 - FIXED-LENGTH DATA ELEMENTS--GENERAL INFORMATION
fixed length control field 210210b2003 xxu||||| |||| 00| 0 eng d
040 ## - CATALOGING SOURCE
Transcribing agency AL
041 ## - LANGUAGE CODE
Language code of text/sound track or separate title Kannada
082 ## - DEWEY DECIMAL CLASSIFICATION NUMBER
Classification number 305.8954K BASK
100 ## - MAIN ENTRY--PERSONAL NAME
Personal name BASAVARAJA KUNCHURU.
Dates associated with a name ಬಸವರಾಜ ಕುಂಚೂರು
9 (RLIN) 265587
245 ## - TITLE STATEMENT
Title Kumbara jananga.
Remainder of title ಕುಂಬಾರ ಜನಾಂಗ
260 ## - PUBLICATION, DISTRIBUTION, ETC.
Place of publication, distribution, etc. Kunchuru
Name of publisher, distributor, etc. Shri Chakraprakashana
Date of publication, distribution, etc. 2003
300 ## - PHYSICAL DESCRIPTION
Extent xx,356
650 ## - SUBJECT ADDED ENTRY--TOPICAL TERM
Topical term or geographic name entry element Kumbararu Potters
9 (RLIN) 265588
690 ## - LOCAL SUBJECT ADDED ENTRY--TOPICAL TERM (OCLC, RLIN)
Topical term or geographic name as entry element Social Classes
9 (RLIN) 265589
906 ## - LOCAL DATA ELEMENT F, LDF (RLIN)
a 058353
942 ## - ADDED ENTRY ELEMENTS (KOHA)
Source of classification or shelving scheme Dewey Decimal Classification
Koha item type Book
Holdings
Withdrawn status Lost status Source of classification or shelving scheme Damaged status Not for loan Collection code Home library Current library Shelving location Date acquired Source of acquisition Cost, normal purchase price Total Checkouts Full call number Barcode Date last seen Price effective from Koha item type
    Dewey Decimal Classification     Sociology St Aloysius Library St Aloysius Library   02/17/2021 Athree Book Centre, Mangalore-01. 200.00   305.8954K BASK 058353 02/17/2021 02/17/2021 Book